Devlet teşkilatı el kitabı/ (Record no. 39862)
| 000 -BAŞLIK | |
|---|---|
| Sabit Uzunluktaki Kontrol Alanı | 01579nam a22002897a 4500 |
| 001 - KONTROL NUMARASI | |
| Control Dosyası | 0039986 |
| 003 - KONTROL NUMARASI KİMLİĞİ | |
| Kontrol Alanı | KOHA_MİRAKIL |
| 005 - EN SON İŞLEM TARİHİ ve ZAMANI | |
| Kontrol Alanı | 20260207003147.0 |
| 007 - FİZİKSEL TANIM SABİT ALAN - GENEL BİLGİ | |
| Sabit uzunluklu kontrol alanı | ta |
| 008 - SABİT UZUNLUKTAKİ VERİ ÖGELERİ - GENEL BİLGİ | |
| Sabit Alan | 130417b2013 tu |||gr||||#||||0|tur | |
| 040 ## - KATALOGLAMA KAYNAĞI | |
| Özgün Kataloglama Kurumu | TR-BiSEU |
| Kataloglama Dili | tur |
| Çeviri Kurumu | TR-BiSEU |
| Açıklama Kuralları | rda |
| 041 0# - DİL KODU | |
| Metin ya da ses kaydının dil kodu | tur |
| 044 ## - YAYINLAYAN/ÜRETEN KURULUŞUN ÜLKE KODU | |
| ISO country code | tu |
| 050 ## - SINIFLAMA ve YER NUMARASI | |
| Sınıflama Numarası | JQ1805 |
| Yer Numarası | .D48 2013 |
| 245 1# - ESER ADI BİLDİRİMİ | |
| Başlık | Devlet teşkilatı el kitabı/ |
| Sorumluluk Bildirimi | Devlet Personel Başkanlığı. |
| 264 #1 - ÜRERİM, YAYIN, DAĞITIM ve TELİF BİLDİRİMİ | |
| Yayın yeri | Ankara : |
| Yayınlayan | Devlet Personel Başkanlığı |
| Yayın tarihi | 2013 |
| 300 ## - FİZİKSEL TANIMLAMA | |
| Sayfa, Cilt vb. | 103 s. ; |
| Boyutları | tabl. ; |
| -- | 21 sm. |
| 336 ## - İÇERİK TÜRÜ | |
| Content type term | metin |
| Content type code | txt |
| Source | rdacontent |
| 337 ## - MEDYA TÜRÜ | |
| Media type term | aracısız |
| Media type code | n |
| Source | rdamedia |
| 338 ## - TAŞIYICI TÜRÜ | |
| Carrier type term | cilt |
| Carrier type code | nc |
| Source | rdacarrier |
| 505 ## - İÇİNDEKİLER NOTU | |
| İçindekiler Notu | I.Devletin Temel Organlanları...1 |
| 650 #0 - KONU BAŞLIĞI EK GİRİŞ - KONU TERİMİ | |
| Konusal terim veya coğrafi ad | Kamu kuruluşları--Türkiye. |
| 9 (RLIN) | 43926 |
| 650 #0 - KONU BAŞLIĞI EK GİRİŞ - KONU TERİMİ | |
| Konusal terim veya coğrafi ad | Public Institutions--Turkey. |
| 9 (RLIN) | 74158 |
| 650 #0 - KONU BAŞLIĞI EK GİRİŞ - KONU TERİMİ | |
| Konusal terim veya coğrafi ad | Türkiye--Politika ve idare--El kitapları. |
| 9 (RLIN) | 74159 |
| 650 #0 - KONU BAŞLIĞI EK GİRİŞ - KONU TERİMİ | |
| Konusal terim veya coğrafi ad | Turkey--Politics and government--Handbooks, manuals, etc. |
| 9 (RLIN) | 74160 |
| 942 ## - EK GİRİŞ ÖGELERİ (KOHA) | |
| Source of classification or shelving scheme | Library of Congress Classification |
| Koha item type | Book |
| 505 ## - İÇİNDEKİLER NOTU | |
| -- | II.Devletin İdari Yapısını Oluşturan Kurum ve Kuruluşları...3-9 |
| -- | III.Başbakanlık ve Bakanlıkların Bağılı, İlgili, İlişkili Kuruluşları ile Gözetim ve Denetim Altındaki Diğer Kuruluşları..10-17 |
| -- | IV.Taşra ve Yurtdışı Teşkilatı ile Döner Sermaye İşletmesi Bulunan Kamu Kurum ve Kuruluşları...18-23 |
| -- | V. Yükseköğretim Kuruluşları...27-31 |
| -- | VI.Türk Silahlı Kuvvetleri...32 |
| -- | VII.Mahalli İbadetler...33-36 |
| -- | VII.Bütçelerine Göre Kamu Kurum ve Kuruluşları...37-42 |
| -- | IX.Kamu Kurum ve Kuruluşlarına İlişkin Ayrıntılı Bilgi...43 |
| -- | X.Kamu Kurum ve Kuruluşlarının İletişim Bilgileri...83 |
| -- | |
| Materyal Türü | Kalıcı Konum | Mevcut Konum | Raf Yeri | Sınıflandırma Kaynağı | Edinim Bilgisi | Ana Konular | Alt Konular | Yer Numarası | Demirbaş Numarası | Fatura Tarihi | Geri Çekilme Durumu | Kayıp Durumu | Hasarlı Durumu | Kredi için değil | Kayıt Tarih | Toplam Ödünçverme | Son Görülme Tarihi | Son Kontrol Tarihi | Genel / Bağış Notu |
|---|---|---|---|---|---|---|---|---|---|---|---|---|---|---|---|---|---|---|---|
| Book | Prof. Dr. Azmi Özcan Kütüphanesi | Prof. Dr. Azmi Özcan Kütüphanesi | Uluğbey Salonu | Library of Congress Classification | Bağış | SİYASET BİLİMİ | Siyasi Kurumlar ve Kamu Yönetimi (Asya, Afrika, Okyanusya vb.) | JQ1805 .D48 2013 | 0039986 | 02/02/2026 | 17/04/2013 | 05/12/2024 | 05/12/2024 | Genel Bağış |
